La educación del siglo XXI
Guardat en:
| Autor principal: | |
|---|---|
| Format: | Llibre |
| Idioma: | espanyol |
| Publicat: |
Madrid
Ciencia 3
1993
|
| Matèries: | |
| Etiquetes: |
Afegir etiqueta
Sense etiquetes, Sigues el primer a etiquetar aquest registre!
|
MARC
| LEADER | 00000nam a2200000 a 4500 | ||
|---|---|---|---|
| 001 | UCQ1395 | ||
| 003 | CL-VaPUC | ||
| 008 | 980710e19930000SP |||||||||||||||||spa|d | ||
| 082 | 0 | 4 | |a 370.115 |b HER |2 21 |
| 100 | |a Herrán Gascón, Agustín de la |e author |9 530835 | ||
| 245 | 1 | 3 | |a La educación del siglo XXI |
| 300 | |a 223 p | ||
| 942 | |c BK | ||
| 945 | |d 19980710 00:00:00 |a aalvarez | ||
| 260 | |a Madrid |b Ciencia 3 |c 1993 | ||
| 650 | 0 | |a Sociología de la educación |9 260380 | |
| 650 | 7 | |a EDUCACION SOCIAL |2 CL-VaPUC |9 330279 | |
| 650 | 0 | |a Administración de la enseñanza |9 261034 | |
| 650 | 0 | |a Gestión educacional |9 261035 | |
| 650 | 0 | |a Educación superior |9 223851 | |
| 650 | 0 | |a Escolarización |9 369242 | |
| 583 | |a last modification |c 20170427 10:56:25 |k Rodrigo Vera | ||
| 999 | |c 272394 |d 272392 | ||
| 952 | |0 0 |1 0 |4 0 |6 370_115000000000000_HER_1993 |7 0 |8 A |9 307311 |a BIBEDU |b BIBEDU |d 2019-11-20 |i 3440656 |o 370.115 HER 1993 |p 3440656 |r 2019-11-20 |w 2019-11-20 |y BK |k BME | ||